[Event "Politiken Cup 34th"]
[Site "Helsingor"]
[Date "2012.08.05"]
[Round "10"]
[White "Skjoldager, Mikael"]
[Black "Rydell, Marten"]
[Result "1-0"]
[WhiteElo "2077"]
[BlackElo "1973"]
[PlyCount "93"]
[EventDate "2012.07.28"]
[EventType "swiss"]
[EventRounds "10"]
[EventCountry "DEN"]
[SourceTitle "CBM 149 Extra"]
[Source "ChessBase"]
[SourceDate "2012.08.24"]
[SourceVersion "1"]
[SourceVersionDate "2012.08.24"]
[SourceQuality "1"]

1. d4 Nf6 2. c4 c5 3. d5 e6 4. Nc3 exd5 5. cxd5 d6 6. g3 g6 7. Bg2 Bg7 8. Nf3 0-0 9. 0-0 a6 10. a4 Nbd7 11. h3 Re8 12. Nd2 Rb8 13. Nc4 Ne5 14. Na3 Nh5 15. Kh2 g5 16. e4 g4 17. f4 Ng6 18. Qd3 gxh3 19. Bxh3 Bxh3 20. Kxh3 Kh8 21. Bd2 Rg8 22. Qf3 Nf6 23. Rh1 Qd7+ 24. Kg2 Rbe8 25. Rae1 Nf8 26. a5 Qg4 27. Qxg4 Nxg4 28. Nc4 Rd8 29. Kf3 Nf6 30. g4 Nxg4 31. e5 dxe5 32. fxe5 Nd7 33. Bf4 f5 34. Rh5 Rdf8 35. Re2 h6 36. d6 Kh7 37. Rh1 Ndxe5+ 38. Nxe5 Rd8 39. Nxg4 fxg4+ 40. Kg3 Bf8 41. Re6 Rg6 42. Rxg6 Kxg6 43. Kxg4 Bg7 44. Rh5 Rc8 45. d7 Rd8 46. Rd5 h5+ 47. Kh3 1-0

[Event "Politiken Cup 34th"]
[Site "Helsingor"]
[Date "2012.08.04"]
[Round "9"]
[White "Marttala, Thomas"]
[Black "Skjoldager, Mikael"]
[Result "1-0"]
[WhiteElo "2193"]
[BlackElo "2077"]
[PlyCount "59"]
[EventDate "2012.07.28"]
[EventType "swiss"]
[EventRounds "10"]
[EventCountry "DEN"]
[SourceTitle "CBM 149 Extra"]
[Source "ChessBase"]
[SourceDate "2012.08.24"]
[SourceVersion "1"]
[SourceVersionDate "2012.08.24"]
[SourceQuality "1"]

1. e4 e5 2. Bc4 Nf6 3. d3 Nc6 4. Nc3 Na5 5. Nge2 Nxc4 6. dxc4 Bb4 7. 0-0 Bxc3 8. Nxc3 d6 9. Qd3 b6 10. Bg5 Bb7 11. a4 h6 12. Bd2 0-0 13. a5 bxa5 14. Rxa5 c6 15. Rfa1 a6 16. h3 Qe7 17. Be3 Nd7 18. Rd1 d5 19. cxd5 Rfd8 20. dxc6 Bxc6 21. Nd5 Qh4 22. g3 Qxh3 23. Ne7+ Kh7 24. Nxc6 Nf6 25. Nxd8 Ng4 26. Qd7 Ra7 27. Bxa7 Qh2+ 28. Kf1 Qh1+ 29. Ke2 Qxe4+ 30. Be3 1-0

[Event "Politiken Cup 34th"]
[Site "Helsingor"]
[Date "2012.07.31"]
[Round "5"]
[White "Skjoldager, Mikael"]
[Black "Knudsen, Jes West"]
[Result "1-0"]
[WhiteElo "2077"]
[BlackElo "1918"]
[PlyCount "76"]
[EventDate "2012.07.28"]
[EventType "swiss"]
[EventRounds "10"]
[EventCountry "DEN"]
[SourceTitle "CBM 149 Extra"]
[Source "ChessBase"]
[SourceDate "2012.08.24"]
[SourceVersion "1"]
[SourceVersionDate "2012.08.24"]
[SourceQuality "1"]

1. d4 f5 2. Nf3 Nf6 3. g3 g6 4. Bg2 Bg7 5. 0-0 0-0 6. b3 d5 7. Bb2 Ne4 8. c4 c6 9. Qc2 Na6 10. a3 Be6 11. Rd1 f4 12. Nbd2 fxg3 13. hxg3 Bf5 14. Qc1 Bh6 15. e3 Nxg3 16. fxg3 Bxe3+ 17. Kh1 Bg4 18. Rf1 Rf5 19. Qe1 Rh5+ 20. Nh2 Bg5 21. Ndf3 Bf6 22. Ne5 Bxe5 23. dxe5 dxc4 24. e6 Qd3 25. Be4 Qxb3 26. Qf2 Bxe6 27. Qd4 Qxb2 28. Qxb2 Nc5 29. Bf3 Rg5 30. Kg2 h5 31. Qd2 Re5 32. Rae1 Rf5 33. g4 Rf6 34. g5 Rf5 35. Rxe6 Nxe6 36. Be4 Rxg5+ 37. Kh1 Rd8 38. Qe3 Nf8 1-0

[Event "Politiken Cup 34th"]
[Site "Helsingor"]
[Date "2012.07.30"]
[Round "4"]
[White "Romanov, Evgeny"]
[Black "Skjoldager, Mikael"]
[Result "1-0"]
[WhiteElo "2623"]
[BlackElo "2077"]
[PlyCount "47"]
[EventDate "2012.07.28"]
[EventType "swiss"]
[EventRounds "10"]
[EventCountry "DEN"]
[SourceTitle "CBM 149 Extra"]
[Source "ChessBase"]
[SourceDate "2012.08.24"]
[SourceVersion "1"]
[SourceVersionDate "2012.08.24"]
[SourceQuality "1"]

1. e4 e5 2. Nf3 Nc6 3. Bb5 Nf6 4. d3 Bc5 5. 0-0 Nd4 6. Nxd4 Bxd4 7. c3 Bb6 8. d4 c6 9. dxe5 cxb5 10. exf6 Qxf6 11. Na3 0-0 12. Nxb5 Qe5 13. Qd5 Re8 14. Nd6 Qxd5 15. exd5 Re2 16. Be3 Bxe3 17. fxe3 f6 18. b4 b5 19. a4 bxa4 20. Rxa4 Rxe3 21. c4 a5 22. Rxa5 Rxa5 23. bxa5 Ba6 24. Rb1 1-0

[Event "Politiken Cup 34th"]
[Site "Helsingor"]
[Date "2012.07.29"]
[Round "2"]
[White "Skjoldager, Mikael"]
[Black "Danielsen, Henrik"]
[Result "0-1"]
[WhiteElo "2077"]
[BlackElo "2511"]
[PlyCount "88"]
[EventDate "2012.07.28"]
[EventType "swiss"]
[EventRounds "10"]
[EventCountry "DEN"]
[SourceTitle "CBM 149 Extra"]
[Source "ChessBase"]
[SourceDate "2012.08.24"]
[SourceVersion "1"]
[SourceVersionDate "2012.08.24"]
[SourceQuality "1"]

1. d4 Nf6 2. c4 e6 3. g3 d5 4. Nf3 Bb4+ 5. Bd2 Be7 6. Bg2 c6 7. Qc2 b6 8. cxd5 cxd5 9. 0-0 0-0 10. Rc1 Ba6 11. Nc3 Nc6 12. Qa4 Bb7 13. Bf1 a6 14. e3 b5 15. Qd1 Bd6 16. a4 b4 17. Ne2 Qe7 18. Nf4 Rfc8 19. Nd3 Ne4 20. Be1 Na5 21. Nd2 Nf6 22. Nb3 Nxb3 23. Qxb3 a5 24. Rxc8+ Rxc8 25. Nc1 e5 26. Qd1 exd4 27. exd4 Bc7 28. Nb3 Bb6 29. Rc1 h6 30. Rxc8+ Bxc8 31. Qc1 Bd7 32. Bb5 Bf5 33. Bd2 Qe4 34. Qe1 Qc2 35. Nc5 Qxb2 36. Qe5 Qxd2 37. Qxf5 Qd1+ 38. Kg2 Qxd4 39. Qc8+ Kh7 40. Nd3 Qe4+ 41. Kg1 Ng4 42. Qe8 Qf3 43. Qe1 g6 44. h3 Qxg3+ 0-1

[Event "Politiken Cup 34th"]
[Site "Helsingor"]
[Date "2012.07.28"]
[Round "1"]
[White "Emborg, Jens"]
[Black "Skjoldager, Mikael"]
[Result "0-1"]
[WhiteElo "1649"]
[BlackElo "2077"]
[PlyCount "42"]
[EventDate "2012.07.28"]
[EventType "swiss"]
[EventRounds "10"]
[EventCountry "DEN"]
[SourceTitle "CBM 149 Extra"]
[Source "ChessBase"]
[SourceDate "2012.08.24"]
[SourceVersion "1"]
[SourceVersionDate "2012.08.24"]
[SourceQuality "1"]

1. e4 e5 2. Nf3 Nc6 3. Nc3 Nf6 4. d4 exd4 5. Nxd4 Bb4 6. Nxc6 bxc6 7. Bd3 d5 8. exd5 cxd5 9. Bb5+ Bd7 10. 0-0 c6 11. Re1+ Be7 12. Bd3 0-0 13. Bg5 Re8 14. Qf3 h6 15. Bxf6 Bxf6 16. Re2 Qb6 17. Rxe8+ Rxe8 18. Nd1 Re1+ 19. Bf1 Qa6 20. Qd3 Qxd3 21. cxd3 Bf5 0-1

[Event "Copenhagen Bronshoj-chB"]
[Site "Copenhagen"]
[Date "2012.04.19"]
[Round "2"]
[White "Sorensen, Dick"]
[Black "Skjoldager, Mikael"]
[Result "1-0"]
[WhiteElo "2005"]
[BlackElo "2020"]
[PlyCount "75"]
[EventDate "2012.03.01"]
[EventType "tourn"]
[EventRounds "9"]
[EventCountry "DEN"]
[SourceTitle "EXT 2016"]
[Source "ChessBase"]
[SourceDate "2015.10.08"]
[SourceVersion "1"]
[SourceVersionDate "2015.10.08"]
[SourceQuality "1"]

1. e4 e5 2. Nf3 Nc6 3. Bc4 Bc5 4. d3 Nf6 5. 0-0 d6 6. c3 a6 7. b4 Ba7 8. a4 Ne7 9. Qb3 0-0 10. Bb2 Ng6 11. Nbd2 Nf4 12. d4 d5 13. exd5 e4 14. Ne5 Bf5 15. Rae1 Re8 16. d6 Rxe5 17. dxe5 Ng4 18. Bxf7+ Kh8 19. g3 Nh3+ 20. Kg2 Ngxf2 21. Nxe4 Bxe4+ 22. Rxe4 Nxe4 23. Kxh3 Nd2 24. Qe6 Nxf1 25. d7 Nd2 26. Qe8+ Qxe8 27. dxe8Q+ Rxe8 28. Bxe8 Nc4 29. Bc1 Nxe5 30. Bf4 Nc6 31. Bxc6 bxc6 32. Bxc7 Kg8 33. c4 Kf7 34. b5 cxb5 35. axb5 axb5 36. cxb5 Bc5 37. b6 Bxb6 38. Bxb6 1-0

[Event "Copenhagen Bronshoj-chB"]
[Site "Copenhagen"]
[Date "2012.03.29"]
[Round "4"]
[White "Frank Nielsen, Marie"]
[Black "Skjoldager, Mikael"]
[Result "1-0"]
[WhiteElo "2002"]
[BlackElo "2020"]
[PlyCount "111"]
[EventDate "2012.03.01"]
[EventType "tourn"]
[EventRounds "9"]
[EventCountry "DEN"]
[SourceTitle "EXT 2016"]
[Source "ChessBase"]
[SourceDate "2015.10.08"]
[SourceVersion "1"]
[SourceVersionDate "2015.10.08"]
[SourceQuality "1"]

1. e4 e5 2. Nf3 Nc6 3. Bb5 Nf6 4. d3 Bc5 5. 0-0 Nd4 6. Nxd4 Bxd4 7. c3 Bb6 8. Bg5 c6 9. Ba4 0-0 10. Nd2 h6 11. Bh4 d5 12. Kh1 Qd6 13. Bg3 Qe7 14. Qe2 Bc7 15. exd5 cxd5 16. Rfe1 Bd7 17. Bxd7 Nxd7 18. f4 f6 19. fxe5 fxe5 20. d4 Rae8 21. Qb5 Nb6 22. dxe5 Rf5 23. Nf3 a6 24. Qd3 Rff8 25. Nh4 Qg5 26. Nf3 Qh5 27. a4 Kh8 28. b3 a5 29. Rad1 Re7 30. Re2 Ref7 31. Ng1 Rf5 32. Rde1 Qe8 33. h3 Qe6 34. Kh2 Nd7 35. b4 axb4 36. cxb4 Re8 37. Nf3 Rff8 38. Qc3 Bb8 39. Nd4 Qg6 40. Nf3 Re7 41. Qc2 Qb6 42. Qd2 Qc6 43. b5 Qe6 44. Qd4 Rc8 45. Rd1 Rc5 46. Kh1 Bc7 47. Qg4 Qg8 48. Nh4 g5 49. Nf5 Rh7 50. Nd6 Bxd6 51. exd6 Qd8 52. Rde1 Nf6 53. Be5 Rf7 54. Bxf6+ Qxf6 55. d7 Rc4 56. Qxc4 1-0